Um dia na quinta (Registo nº 3150)

Detalhes MARC
000 -Etiqueta do registo
Cabeçalho 00716nam a22002771 4500
005 - Identificador da versão
Campo de controlo 20240813121954.0
010 ## - Número internacional normalizado dos livros (ISBN)
Número (ISBN) 9724728714
021 ## - Número do Depósito Legal
Código do país PT
Número 223802/05
100 ## - Dados gerais de processamento
Dados gerais de processamento 20060416d2005 cd y0pory500305 ba
102 ## - Pais de publicação ou produção
País de publicação Portugal
101 1# - Língua de publicação
Língua do texto, banda sonora, etc. Português
Língua do documento no original Inglês
106 ## - Campo de dados codificados: material textual
Dados codificados do material textual r
105 ## - Campo de dados codificados: livros
Dados codificados dos livros a z 000fy
215 ## - Descrição física 
Indicação específica da natureza do documento e extensão da espécie [10] p.
Outras indicações físicas todo il.
Dimensões 23 cm
200 1# - Titulo e menção de responsabilidade
Título próprio Um dia na quinta
Outras menções de responsabilidade Texto Editores
205 ## - Menção da edição
Menção da edição 1ª ed
210 ## - Publicação, Distribuição, etc. 
Lugar da edição, distribuição, etc. Cacém
Nome do editor, distribuidor, etc. Texto
Data da publicação, distribuição, etc. 2005
304 ## - Notas relativas a título e menção de responsabilidade 
Texto da nota Tít. orig.: On the farm
606 ## - Nome comum usado como assunto
Número de registo de entrada de autoridade 0002334
Palavra de ordem Literatura estrangeira infanto-juvenil
675 ## - Classificação Decimal Universal (CDU)
Notação 82-93
Edição
Língua da edição por
710 02 - Nome de colectividade-autor (responsabilidade principal)
Número de registo de entrada de autoridade 0001013
Palavra de ordem Texto Editores
942 ## - Elementos de entrada adicionados (Koha)
Tipo de item no Koha Livro
Exemplares
Situação do levantamento Origin of item (home branch) (coded) Biblioteca de empréstimo Código de barras Cota Circulation type (not for loan) Tipo de documento Nota do exemplar Damaged status
  Biblioteca Escolar da Coca Maravilhas Biblioteca Escolar da Coca Maravilhas BECM7539/06 8EST TEX   Livro Sem mensagem